000 00277nam a22001217a 4500
008 170612b xxu||||| |||| 00| 0 eng d
041 _aeng
080 _a32
100 _a32
101 _aSHP
245 _aPOLITICAL THOYGH OF WOODROW WILSON
_cCRONON.E.D
942 _2udc
_cBK
999 _c16899
_d16899